Matematika pre ekonómov

Saved in:
Bibliographic Details
Main Author: Kaderová, Andrea
Corporate Author: Fakulta hospodárskej informatiky EU. Katedra matematiky a aktuárstva
Other Authors: Krátka, Zuzana, 1968-, Krčová, Ingrid, 1969-, Mucha, Vladimír, 1976-, Šoltésová, Tatiana, 1975-, Šeleng, Martin, Peller, František
Format: Book
Language:Slovak
Published: Bratislava Letra Edu 2020
Edition:1. vydanie
Subjects:
Tags: Add Tag
No Tags, Be the first to tag this record!

MARC

LEADER 00000nam a2200000 4500
001 0269116
005 20240502074220.4
020 |a 978-90-89962-62-4 
041 0 |a slo 
044 |a SK 
245 1 0 |a Matematika pre ekonómov  |c Andrea Kaderová ... [et al.] ; recenzenti: Martin Šeleng, František Peller 
250 |a 1. vydanie 
264 1 |a Bratislava  |b Letra Edu  |c 2020 
300 |a 333 s. [17,85] 
610 2 0 |a matematika 
610 2 0 |a veda ekonomická 
610 2 0 |a funkcie matematické 
610 2 0 |a rovnice lineárne 
610 2 0 |a matice 
610 2 0 |a limity 
100 1 |a Kaderová, Andrea 
700 1 |a Krátka, Zuzana, 1968- 
700 1 |a Krčová, Ingrid, 1969- 
700 1 |a Mucha, Vladimír, 1976- 
700 1 |a Šoltésová, Tatiana, 1975- 
700 1 |a Šeleng, Martin 
700 1 |a Peller, František 
710 2 |a Fakulta hospodárskej informatiky EU. Katedra matematiky a aktuárstva